Advances in queueing : theory, methods and open problems
Αποθηκεύτηκε σε:
| Άλλοι συγγραφείς: | |
|---|---|
| Μορφή: | Βιβλίο |
| Γλώσσα: | English |
| Δημοσίευση: |
Boca Raton, FL :
CRC Press,
c1995
|
| Σειρά: | Probability and stochastics series
|
| Θέματα: | |
| Ετικέτες: |
Προσθήκη ετικέτας
Δεν υπάρχουν, Καταχωρήστε ετικέτα πρώτοι!
|
MARC
| LEADER | 00000nam a2200000 i 4500 | ||
|---|---|---|---|
| 001 | 1/8533 | ||
| 008 | 000630s1995 eng d | ||
| 020 | |a 084938074X | ||
| 035 | |l 10062706 | ||
| 040 | |a GR-MY-UA |b gre |e aacr | ||
| 041 | 0 | |a eng | |
| 082 | 0 | |a 519.82 | |
| 245 | 1 | 0 | |a Advances in queueing : |b theory, methods and open problems / |c edited by Jewgeni H. Dshalalow |
| 260 | |a Boca Raton, FL : |b CRC Press, |c c1995 | ||
| 300 | |a 515 p.; |b ill.; |c 26 cm. | ||
| 490 | 1 | |a Probability and stochastics series | |
| 504 | |a Includes bibliographical references and index | ||
| 650 | 0 | 0 | |a Queuing theory. |
| 700 | 0 | |a Dshalalow, Jewgeni H. |4 edt | |
| 830 | 0 | |a Probability and stochastics series | |
| 852 | |a INST |b SAMOS |e 20000630 |h 519.82 ADV |p 005300019312 |q 005300019312 |t BK |y 0 | ||
| 901 | |a BIBL3-2000-2 | ||
| 909 | |a Σ |b 078823 | ||
| 922 | |a 3ΕΛΗ |b 200005 |c ΤΜΗΜΑ ΜΑΘΗΜΑΤΙΚΩΝ |d ΠΑΠΑΣΩΤΗΡΙΟΥ | ||
| 950 | |a 116-2000-01-19 | ||
| 970 | |a ΠΟΥΡΝΑΡΑΣ |b ΔΗΜΗΤΡΗΣ |z 2000/07/04 | ||